[Event "INDIAN OPEN (fast double)#2"]
[Site "SchemingMind.com"]
[Date "2014.11.29"]
[Round "-"]
[White "Chessibelle"]
[Black "Ramesh Panwar"]
[Result "0-1"]
[WhiteCountry "ENG"]
[BlackCountry "IND"]
[WhiteElo "1212"]
[WhiteRD "55"]
[BlackElo "2279"]
[BlackRD "51"]
[GameID "369709"]

1. Nf3 d5 2. d4 Nf6 3. e3 e6 4. Bb5+ Bd7 5. Bd3 c5 6. Nc3 Qc7 7. g3 c4 8. Be2 Nc6 9. O-O Bb4 10. Bd2 a6
11. b3 b5 12. Ng5 Qa5 13. Bf3 Bxc3 14. Bxc3 Qxc3 15. Qe2 e5 16. Bg2 h6 17. Nf3 e4 18. Nh4 g5 19. f3 gxh4 20. gxh4 Rg8
21. Kh1 Bf5 22. fxe4 Rxg2 23. Qf3 Bxe4 24. Qxf6 Rg3+
0-1

[Event "INDIAN OPEN (fast double)#2"]
[Site "SchemingMind.com"]
[Date "2014.11.29"]
[Round "-"]
[White "Ramesh Panwar"]
[Black "Chessibelle"]
[Result "1-0"]
[WhiteCountry "IND"]
[BlackCountry "ENG"]
[WhiteElo "2279"]
[WhiteRD "51"]
[BlackElo "1212"]
[BlackRD "55"]
[GameID "369710"]

1. d4 d5 2. c4 Nf6 3. Nc3 c6 4. e3 e6 5. Nf3 Bd6 6. Bd3 g6 7. e4 O-O 8. e5 Be7 9. exf6 Bxf6 10. O-O b6
11. Bh6 Re8 12. Qd2 Nd7 13. Rfe1 c5 14. cxd5 e5 15. dxe5 Be7 16. d6 Bf8 17. Bg5 f6 18. exf6 Nxf6 19. Bc4+ Kg7 20. Nd5 Qxd6
21. Bxf6+ Kg8 22. Ne7#
1-0

[Event "INDIAN OPEN (fast double)#2"]
[Site "SchemingMind.com"]
[Date "2014.12.03"]
[Round "-"]
[White "eun77"]
[Black "Chessibelle"]
[Result "1-0"]
[WhiteCountry "ISR"]
[BlackCountry "ENG"]
[WhiteElo "1461"]
[WhiteRD "71"]
[BlackElo "1238"]
[BlackRD "57"]
[GameID "369774"]

1. d4 d5 2. e3 Nf6 3. h3 e6 4. Nf3 Nc6 5. Be2 Bb4+ 6. Bd2 Bd6 7. O-O g6 8. Nh2 Ne4 9. Nc3 O-O 10. Nxe4 Be7
11. Ng3 a6 12. Nf3 f6 13. c3 e5 14. dxe5 fxe5 15. e4 Be6 16. exd5 Bxd5 17. Nh2 Qd6 18. Bf3 Bc4 19. Re1 Bd8 20. Bxc6 bxc6
21. Bh6 Rxf2 22. Qxd6 cxd6 23. Kxf2 Bb6+ 24. Be3 Rf8+ 25. Kg1 Bd8 26. Ne4 d5 27. Nf2 Re8 28. b3 Bb5 29. a4 Ba5 30. axb5
1-0

[Event "INDIAN OPEN (fast double)#2"]
[Site "SchemingMind.com"]
[Date "2014.12.03"]
[Round "-"]
[White "Chessibelle"]
[Black "eun77"]
[Result "0-1"]
[WhiteCountry "ENG"]
[BlackCountry "ISR"]
[WhiteElo "1238"]
[WhiteRD "57"]
[BlackElo "1461"]
[BlackRD "71"]
[GameID "369775"]

1. Nf3 d5 2. d4 e6 3. Nc3 h6 4. e3 Nf6 5. g3 Be7 6. Bb5+ Bd7 7. Bd3 O-O 8. e4 dxe4 9. Nxe4 Nh7 10. a3 f5
11. Nc3 Bc6 12. b4 Bxf3 13. Qxf3 c6 14. O-O Bg5 15. Bb2 Nd7 16. Ne2 Bf6 17. c3 Nb6 18. Nf4 Qe8 19. c4 Bg5 20. Nh5 Bf6
21. c5 Nd5 22. h3 Be7 23. Qe2 Qf7 24. Rfe1 Nhf6 25. Nf4 Nxf4 26. Qe3 Nxd3 27. Qxd3 Nd5 28. f3 Bf6 29. Rf1 Rae8 30. Kf2 Kh8
31. Ke2 Ne7 32. Rh1 Qg6 33. Rag1 f4 34. Qc4 fxg3 35. Rg2 Nd5 36. Qc1 Bh4 37. Rf1 Nf4+ 38. Kd2 Nxg2 39. Kc3 Nf4 40. Rg1 Ne2+
0-1

[Event "INDIAN OPEN (fast double)#2"]
[Site "SchemingMind.com"]
[Date "2014.12.03"]
[Round "-"]
[White "eun77"]
[Black "Ramesh Panwar"]
[Result "0-1"]
[WhiteCountry "ISR"]
[BlackCountry "IND"]
[WhiteElo "1425"]
[WhiteRD "84"]
[BlackElo "2279"]
[BlackRD "51"]
[GameID "369776"]

1. e4 c5 2. d3 Nc6 3. Nf3 e6 4. Be2 d5 5. O-O Nf6 6. exd5 exd5 7. h3 Bd6 8. Nh2 O-O 9. Bg4 Bxh2+ 10. Kxh2 Nxg4+
11. hxg4 f5 12. g3 fxg4 13. Rh1 Rxf2+ 14. Kg1 Rf3 15. Bf4 Qf6 16. c3 g5 17. Nd2 gxf4 18. Nxf3 fxg3 19. Qe1 gxf3 20. Qxg3+ Kh8
21. Qh4 Qg6+ 22. Kf2 Qg2+ 23. Ke3 d4+ 24. Kf4 Qg6 25. Kxf3 Ne5+ 26. Kf2 Bh3 27. Rxh3 Rf8+ 28. Ke2 Qg2+ 29. Kd1 Rf1+ 30. Qe1 Qxh3
31. Rc1 Qxd3#
0-1

[Event "INDIAN OPEN (fast double)#2"]
[Site "SchemingMind.com"]
[Date "2014.12.03"]
[Round "-"]
[White "Ramesh Panwar"]
[Black "eun77"]
[Result "1-0"]
[WhiteCountry "IND"]
[BlackCountry "ISR"]
[WhiteElo "2302"]
[WhiteRD "50"]
[BlackElo "1461"]
[BlackRD "71"]
[GameID "369777"]

1. c4 c5 2. Nf3 d6 3. e3 e5 4. Nc3 Nf6 5. d4 Be7 6. dxe5 dxe5 7. Qxd8+ Bxd8 8. Nxe5 O-O 9. Be2 Nc6 10. Nxc6 bxc6
11. O-O Bc7 12. Rd1 Rd8 13. Rxd8+ Bxd8 14. b3 Bc7 15. Ba3 Be6 16. Bxc5 Be5 17. Bd4 Bxd4 18. exd4 h6 19. h3 Rd8 20. Rd1 Nh7
21. Bf3 Nf6 22. Bxc6 Bd7 23. Bf3 Bf5 24. c5 Be6 25. d5 Bc8 26. d6 Nd7 27. c6 Nc5 28. b4 Ne6 29. Nb5 a6 30. Na7 Kf8
31. d7 Bxd7 32. cxd7 Rb8 33. Nc8 Nd8 34. Re1 Ne6 35. Rxe6 fxe6 36. d8=Q+
1-0

[Event "INDIAN OPEN (fast double)#2"]
[Site "SchemingMind.com"]
[Date "2014.12.03"]
[Round "-"]
[White "bartleby en passant"]
[Black "eun77"]
[Result "1-0"]
[WhiteCountry "IRL"]
[BlackCountry "ISR"]
[WhiteElo "1604"]
[WhiteRD "91"]
[BlackElo "1293"]
[BlackRD "54"]
[GameID "369809"]

1. d4 d5 2. c4 c6 3. c5 e6 4. Nc3 h6 5. e4 dxe4 6. Nxe4 Nf6 7. Nxf6+ Qxf6 8. Bf4 Qd8 9. b4 Be7 10. Nf3 O-O
11. Bd3 f5 12. O-O Bd7 13. Re1 Bg5 14. Be5 Bf6 15. Bxf6 Qxf6 16. Ne5 Be8 17. f4 Nd7 18. Nxd7 Bxd7 19. a4 Kh8 20. Bc4 Rae8
21. Ra3 Rf7 22. Rae3 Rfe7 23. Re5 a6 24. R1e3 Kh7 25. Qe2 Kh8 26. b5 cxb5 27. axb5 axb5 28. Bxb5 Bxb5 29. Qxb5 Kg8 30. c6 bxc6
31. Qxc6 Kf7 32. Rg3 Kg8 33. d5 Kf7 34. d6
1-0

[Event "INDIAN OPEN (fast double)#2"]
[Site "SchemingMind.com"]
[Date "2014.12.03"]
[Round "-"]
[White "eun77"]
[Black "bartleby en passant"]
[Result "0-1"]
[WhiteCountry "ISR"]
[BlackCountry "IRL"]
[WhiteElo "1409"]
[WhiteRD "60"]
[BlackElo "1592"]
[BlackRD "93"]
[GameID "369810"]

1. Nf3 Nc6 2. e4 e5 3. d3 d5 4. Be2 d4 5. h3 h6 6. O-O Be6 7. Nh2 Nf6 8. Bg4 Qd7 9. Bxe6 Qxe6 10. Ng4 h5
11. Nxf6+ Qxf6 12. a3 O-O-O 13. Qf3 Qxf3 14. gxf3 Be7 15. f4 exf4 16. Bxf4 g5 17. Bh2 g4 18. Re1 gxh3 19. Kf1 Bd6 20. Kg1 Rdg8+
21. Kh1 Bxh2 22. Kxh2 Rg2+ 23. Kxh3 Rhg8 24. Rf1 Ne5 25. Nd2 R8g4 26. Rh1 Ng6
0-1

[Event "INDIAN OPEN (fast double)#2"]
[Site "SchemingMind.com"]
[Date "2014.11.30"]
[Round "-"]
[White "bartleby en passant"]
[Black "Chessibelle"]
[Result "1-0"]
[WhiteCountry "IRL"]
[BlackCountry "ENG"]
[WhiteElo "1472"]
[WhiteRD "150"]
[BlackElo "1212"]
[BlackRD "55"]
[GameID "369811"]

1. d4 d5 2. c4 Nf6 3. c5 Nc6 4. Nc3 e6 5. Bf4 Be7 6. e3 O-O 7. Bd3 b6 8. Bb5 Bd7 9. Bxc6 Bxc6 10. b4 Bb7
11. Nf3 h6 12. O-O Nh5 13. Re1 f6 14. g4 g5 15. gxh5 gxf4 16. exf4 f5 17. Rxe6 Qe8 18. Rxh6 Bf6 19. Ne5 Bg7 20. Rg6 Qe7
21. Qf3 Rad8 22. Kh1 a5 23. Rag1 Kh8 24. Rxg7 Rf7 25. Nxf7+
1-0

[Event "INDIAN OPEN (fast double)#2"]
[Site "SchemingMind.com"]
[Date "2014.11.30"]
[Round "-"]
[White "Chessibelle"]
[Black "bartleby en passant"]
[Result "0-1"]
[WhiteCountry "ENG"]
[BlackCountry "IRL"]
[WhiteElo "1212"]
[WhiteRD "55"]
[BlackElo "1472"]
[BlackRD "150"]
[GameID "369812"]

1. Nf3 Nc6 2. d4 Nf6 3. Nc3 d5 4. e3 a6 5. Bd3 Bg4 6. Be2 Bxf3 7. Bxf3 e6 8. O-O Bd6 9. g3 O-O 10. Ne2 Re8
11. c3 e5 12. Qb3 e4 13. Bg2 Na5 14. Qc2 c5 15. a3 c4 16. Bh3 Nb3 17. Rb1 h6 18. Qd1 Nh7 19. Bd2 Ng5 20. Nf4 Nf3+
21. Kg2 Bxf4 22. exf4 Nfxd2 23. Qh5 Nxb1 24. Rxb1 Qd6 25. f5 Rad8 26. Rd1 Qe7 27. Bg4 e3 28. Re1 Qg5 29. Qh3 exf2 30. Kxf2 Rxe1
31. Bf3 Qd2+
0-1

[Event "INDIAN OPEN (fast double)#2"]
[Site "SchemingMind.com"]
[Date "2014.11.30"]
[Round "-"]
[White "bartleby en passant"]
[Black "Ramesh Panwar"]
[Result "0-1"]
[WhiteCountry "IRL"]
[BlackCountry "IND"]
[WhiteElo "1472"]
[WhiteRD "150"]
[BlackElo "2279"]
[BlackRD "51"]
[GameID "369813"]

1. d4 Nf6 2. c4 e6 3. c5 b6 4. b4 a5 5. cxb6 Bxb4+ 6. Bd2 cxb6 7. Bxb4 axb4 8. Qb3 Qc7 9. Nd2 Qc3 10. Rb1 Nc6
11. e3 Ne4 12. Nf3 Ra3 13. Qxc3 Nxc3 14. Rb2 Ba6 15. Bxa6 Rxa6 16. Nc4 f6 17. Nd6+ Ke7 18. Nc4 Rha8
0-1

[Event "INDIAN OPEN (fast double)#2"]
[Site "SchemingMind.com"]
[Date "2014.11.30"]
[Round "-"]
[White "Ramesh Panwar"]
[Black "bartleby en passant"]
[Result "1-0"]
[WhiteCountry "IND"]
[BlackCountry "IRL"]
[WhiteElo "2279"]
[WhiteRD "51"]
[BlackElo "1472"]
[BlackRD "150"]
[GameID "369814"]

1. e4 e5 2. Nf3 Nf6 3. d4 Nxe4 4. Nxe5 d5 5. Bd3 Bd6 6. O-O Qe7 7. c4 Bxe5 8. dxe5 Qxe5 9. cxd5 O-O 10. Qe2 Re8
11. Re1 f5 12. f3
1-0

[Event "INDIAN OPEN (fast double)#2"]
[Site "SchemingMind.com"]
[Date "2014.12.06"]
[Round "-"]
[White "bartleby en passant"]
[Black "Scooter"]
[Result "1/2-1/2"]
[WhiteCountry "IRL"]
[BlackCountry "USA"]
[WhiteElo "1592"]
[WhiteRD "93"]
[BlackElo "1731"]
[BlackRD "44"]
[GameID "370738"]

1. e4 c6 2. d4 d5 3. e5 Bf5 4. c4 e6 5. c5 Nd7 6. Bd3 Bxd3 7. Qxd3 b6 8. b4 Ne7 9. Nd2= g6 10. Nh3 Nf5
11. Nf3 Be7 12. g4 Nh4 13. Nxh4 Bxh4 14. O-O O-O 15. f4 bxc5 16. bxc5 Rb8 17. Bd2 Be7 18. f5 exf5 19. gxf5 Bxc5 20. dxc5 Nxc5
21. Qd4 Nd7 22. f6 Qb6 23. Qxb6 Rxb6 24. Be3 c5 25. Bf4 Re8 26. Rac1 Nxe5 27. Bxe5 Rxe5 28. Rxc5 Rb8 29. Rd1 Rf5 30. Rcxd5 Rxf6
31. Rd8+ Rxd8 32. Rxd8+ Kg7 33. Rd7 Ra6 34. Rd2 Ra3 35. Kg2 h6 36. Nf4 a5 37. Nd5 g5 38. Rf2 a4 39. h3 Rd3 40. Ne7 Rd7
41. Nf5+ Kg6 42. Kg3 Rd3+ 43. Kg2 a3 44. Ne7+ Kg7 45. Rf3 Rd2+ 46. Rf2 Rb2 47. Nf5+ Kg6 48. Ne7+ Kg7 49. Nf5+=
1/2-1/2

[Event "INDIAN OPEN (fast double)#2"]
[Site "SchemingMind.com"]
[Date "2014.12.06"]
[Round "-"]
[White "Scooter"]
[Black "bartleby en passant"]
[Result "1-0"]
[WhiteCountry "USA"]
[BlackCountry "IRL"]
[WhiteElo "1731"]
[WhiteRD "44"]
[BlackElo "1592"]
[BlackRD "93"]
[GameID "370739"]

1. d4 d5 2. Nf3 Nc6 3. Bf4 Bg4 4. e3 a6 5. Be2 Bxf3 6. Bxf3 Nf6 7. O-O e6 8. c3 Bd6 9. Bxd6 Qxd6 10. Nd2 O-O-O
11. Qc2 g5 12. h3 h5 13. e4 dxe4 14. Nxe4 Nxe4 15. Bxe4 f5 16. Bxc6 Qxc6 17. Rfe1 Rhf8 18. Qb3 Rde8 19. Re5 Kd7 20. Rae1 h4
21. d5 exd5 22. Qxd5+ Qxd5 23. Rxd5+ Kc8 24. Rxe8+ Rxe8 25. Kf1 Rf8 26. Ke2 c6 27. Re5 Kd7 28. c4 b5 29. c5 Re8 30. Rxe8 Kxe8
31. Kd3 Ke7 32. Kd4 Ke6 33. b4 Kf6 34. g3 hxg3 35. fxg3 f4 36. gxf4
1-0

[Event "INDIAN OPEN (fast double)#2"]
[Site "SchemingMind.com"]
[Date "2014.12.09"]
[Round "-"]
[White "Scooter"]
[Black "eun77"]
[Result "1-0"]
[WhiteCountry "USA"]
[BlackCountry "ISR"]
[WhiteElo "1708"]
[WhiteRD "44"]
[BlackElo "1293"]
[BlackRD "54"]
[GameID "370740"]

1. d4 d5 2. Nf3 e6 3. Bg5 Be7 4. Bxe7 Nxe7 5. e3 O-O 6. Be2 f5 7. O-O Nbc6 8. Nbd2 Ng6 9. c4 dxc4 10. Nxc4 Nce7
11. Nce5 Nxe5 12. Nxe5 Nc6 13. Nxc6 bxc6 14. Rc1 a5 15. Rxc6 Rb8 16. Qc2 Rf7 17. Rc1 Rb7 18. Bc4 Re7 19. Qxf5 Qf8 20. Qxf8+ Kxf8
21. Ba6 Rb8 22. Bxc8 Rxc8 23. a3 Ke8 24. b4 axb4 25. axb4 Kd8 26. b5 Rb8 27. Rb1 Rb6 28. Kf1 Kc8 29. Rxb6 cxb6 30. Rc1+ Kb7
31. Ke2 g5 32. Kf3 h6 33. Ke4 Rf7 34. Rc2 h5 35. Ke5 Rf8 36. Kxe6 g4 37. d5 h4 38. Ke7 Rf5 39. d6 Re5+ 40. Kd7 g3
41. fxg3 hxg3 42. hxg3 Rxe3 43. Kd8 Rxg3 44. Rf2 Rb3 45. Rf7+ Kb8 46. d7 Rxb5 47. Ke8 Re5+ 48. Re7 Rxe7+ 49. Kxe7
1-0

[Event "INDIAN OPEN (fast double)#2"]
[Site "SchemingMind.com"]
[Date "2014.12.10"]
[Round "-"]
[White "eun77"]
[Black "Scooter"]
[Result "0-1"]
[WhiteCountry "ISR"]
[BlackCountry "USA"]
[WhiteElo "1409"]
[WhiteRD "60"]
[BlackElo "1731"]
[BlackRD "44"]
[GameID "370741"]

1. c4 Nf6 2. d3 g6 3. e4 d6 4. h3 Bg7 5. Nf3 e5 6. Be2 O-O 7. O-O Nbd7 8. Nh2 b6 9. Ng4 Nxg4 10. Bxg4 Nf6
11. Bxc8 Rxc8 12. Nd2 c6 13. Nf3 Re8 14. Nh2 d5 15. cxd5 cxd5 16. Bg5 dxe4 17. Bxf6 Bxf6 18. dxe4 Qc7 19. Rc1 Qb7 20. Rxc8 Rxc8
21. Qd2 Qxe4 22. Rc1 Rxc1+ 23. Qxc1 Qd4 24. Nf3 Qc5 25. Qxc5 bxc5 26. b3 Bg7 27. Nd2 f5 28. f3 Kf7 29. Nc4 Ke6 30. Kf2 Kd5
31. Nd2 Bh6 32. Ke2 Bxd2 33. Kxd2 Kd4 34. g3 e4 35. f4 e3+ 36. Ke2 Kc3 37. Kxe3 Kb2 38. Kd3 Kxa2 39. Kc4 a5 40. g4 h6
41. Kc3 Kb1 42. gxf5 gxf5 43. h4 Ka2 44. Kc2 Ka3 45. Kc3 h5 46. Kc2 Kb4 47. Kb2 c4 48. bxc4 Kxc4 49. Kc2 Kd4 50. Kd2 Ke4
0-1

[Event "INDIAN OPEN (fast double)#2"]
[Site "SchemingMind.com"]
[Date "2014.12.05"]
[Round "-"]
[White "Scooter"]
[Black "Chessibelle"]
[Result "1-0"]
[WhiteCountry "USA"]
[BlackCountry "ENG"]
[WhiteElo "1759"]
[WhiteRD "48"]
[BlackElo "1212"]
[BlackRD "55"]
[GameID "370742"]

1. d4 d5 2. Nf3 Nf6 3. Bf4 Nc6 4. e3 Ne4 5. Nbd2 Bf5 6. a3 g6 7. Be2 Bg7 8. O-O O-O 9. h3 e6 10. c4 a6
11. cxd5 exd5 12. Rc1 b5 13. Rxc6 Nd6 14. Ne5 Ne4 15. Nxe4 Bxe4 16. Bf3 Bf5 17. Qb3 Kh8 18. Bxd5 h6 19. Bxf7 g5 20. Bg3 Qf6
21. Rxf6
1-0

[Event "INDIAN OPEN (fast double)#2"]
[Site "SchemingMind.com"]
[Date "2014.12.05"]
[Round "-"]
[White "Chessibelle"]
[Black "Scooter"]
[Result "0-1"]
[WhiteCountry "ENG"]
[BlackCountry "USA"]
[WhiteElo "1212"]
[WhiteRD "55"]
[BlackElo "1759"]
[BlackRD "48"]
[GameID "370743"]

1. Nf3 Nf6 2. d4 g6 3. e3 Bg7 4. Nc3 O-O 5. Bd3 d5 6. Bd2 Bg4 7. Be2 e6 8. a3 Nbd7 9. O-O c5 10. Na4 cxd4
11. exd4 a6 12. Bd3 b5 13. Nc5 Qb6 14. Ne5 Bxd1
0-1

[Event "INDIAN OPEN (fast double)#2"]
[Site "SchemingMind.com"]
[Date "2014.12.06"]
[Round "-"]
[White "Scooter"]
[Black "Ramesh Panwar"]
[Result "0-1"]
[WhiteCountry "USA"]
[BlackCountry "IND"]
[WhiteElo "1759"]
[WhiteRD "48"]
[BlackElo "2279"]
[BlackRD "51"]
[GameID "370744"]

1. d4 Nf6 2. Nf3 e6 3. Bg5 c5 4. e3 cxd4 5. exd4 d5 6. Nbd2 h6 7. Bxf6 Qxf6 8. Bb5+ Bd7 9. Bxd7+ Nxd7 10. O-O Be7
11. c3 O-O 12. Re1 Rfc8 13. Rc1 Rc7 14. Ne5 Nxe5 15. dxe5 Qg6 16. Nf3 b5 17. Nd4 a6 18. Qc2 Qxc2 19. Rxc2 Bc5 20. Rd2 b4
21. Rc1 Bxd4 22. Rxd4 bxc3 23. bxc3 Rac8 24. Rd3 Rb7 25. Rd2 Rxc3
0-1

[Event "INDIAN OPEN (fast double)#2"]
[Site "SchemingMind.com"]
[Date "2014.12.06"]
[Round "-"]
[White "Ramesh Panwar"]
[Black "Scooter"]
[Result "1-0"]
[WhiteCountry "IND"]
[BlackCountry "USA"]
[WhiteElo "2279"]
[WhiteRD "51"]
[BlackElo "1759"]
[BlackRD "48"]
[GameID "370745"]

1. e4 c6 2. d4 d5 3. e5 Bf5 4. Nf3 e6 5. Be2 Nd7 6. O-O h6 7. c3 c5 8. Be3 Qb6 9. b3 cxd4 10. Nxd4 Bxb1
11. Rxb1 Nxe5 12. Nb5 Qd8 13. Bf4 Bd6 14. Qd4 f6 15. Bh5+ g6 16. Bxg6+ Nxg6 17. Nxd6+
1-0

[Event "INDIAN OPEN (fast double)#2"]
[Site "SchemingMind.com"]
[Date "2014.12.19"]
[Round "-"]
[White "bartleby en passant"]
[Black "klapa"]
[Result "1-0"]
[WhiteCountry "IRL"]
[BlackCountry "POL"]
[WhiteElo "1511"]
[WhiteRD "121"]
[BlackElo "1432"]
[BlackRD "65"]
[GameID "371608"]

1. d4 d5 2. c4 Nf6 3. c5 Nc6 4. Nf3 e6 5. e3 Be7 6. Bd3 h5 7. Nc3 h4 8. h3 Nb4 9. Qa4+ Nc6 10. b4 Bd7
11. b5 Nb8 12. Ne5 c6 13. bxc6 bxc6 14. O-O a5 15. e4 dxe4 16. Nxe4 Nxe4 17. Bxe4 O-O 18. Qd1 f6 19. Ng6 Rf7 20. Qh5 a4
21. Qh8#
1-0

[Event "INDIAN OPEN (fast double)#2"]
[Site "SchemingMind.com"]
[Date "2014.12.19"]
[Round "-"]
[White "klapa"]
[Black "bartleby en passant"]
[Result "0-1"]
[WhiteCountry "POL"]
[BlackCountry "IRL"]
[WhiteElo "1442"]
[WhiteRD "70"]
[BlackElo "1592"]
[BlackRD "93"]
[GameID "371609"]

1. b3 e5 2. Bb2 Nc6 3. e4 d5 4. exd5 Qxd5 5. Nc3 Qa5 6. Bb5 Bd7 7. Nf3 Bd6 8. O-O O-O-O 9. Qe2 a6 10. Bxc6 Bxc6
11. a4 Nf6 12. b4 Bxf3 13. Qxf3 Bxb4 14. Rae1 Rhe8 15. Qf5+ Kb8 16. Qg5 Bf8 17. d3 h6 18. Qe3 Bd6 19. Qg3 Rg8 20. Ne4 Nxe4
21. dxe4 f6 22. c4 Qxa4 23. Rc1 Bc5 24. Qf3 Rd7 25. Rcd1 Rxd1 26. Rxd1 Qxc4 27. Qf5 Qc2 28. Qf3 Qxb2 29. h3 Bd4 30. Rf1 Qc3
31. Qe2 a5 32. g4 a4 33. Kh1 Qxh3+ 34. Kg1 g6 35. Qc4 Qxg4+ 36. Kh1 Qxe4+ 37. f3 Qh4+ 38. Kg2 Rf8 39. Rh1 Qf2+ 40. Kh3 Qxf3+
41. Kh2 Bf2 42. Rc1 Qg3+ 43. Kh1 Qh3#
0-1

[Event "INDIAN OPEN (fast double)#2"]
[Site "SchemingMind.com"]
[Date "2014.12.19"]
[Round "-"]
[White "Scooter"]
[Black "klapa"]
[Result "1-0"]
[WhiteCountry "USA"]
[BlackCountry "POL"]
[WhiteElo "1778"]
[WhiteRD "45"]
[BlackElo "1432"]
[BlackRD "65"]
[GameID "371610"]

1. d4 c6 2. Nf3 e5 3. dxe5 Qa5+ 4. Bd2 Qb5 5. b3 a5 6. Nc3 Qc5 7. Ne4 Qd5 8. Nc3 Qe6 9. e3 d6 10. exd6 Bxd6
11. Bc4 Qg6 12. O-O Nf6 13. Bd3 Bf5 14. Nh4 Qh6 15. Bxf5 Qxh4 16. g3 Qg5 17. Ne4 Nxe4 18. Bxe4 Qe5 19. Bg2 O-O 20. e4 Bc5
21. Bf4 Qf6 22. c4 Rd8 23. Qc1 Bd4 24. Bg5 Bb2 25. Bxf6 Bxc1 26. Bxd8 Bb2 27. Rad1 Nd7 28. Rxd7 h6 29. Bb6 Ra6 30. Rxb7 g5
31. Rd1 Kg7 32. Bd4+ Bxd4 33. Rxd4 a4 34. b4 a3 35. e5 Kg6 36. Be4+ Kh5 37. Rd6 Kg4 38. Kg2 h5 39. h3#
1-0

[Event "INDIAN OPEN (fast double)#2"]
[Site "SchemingMind.com"]
[Date "2014.12.18"]
[Round "-"]
[White "klapa"]
[Black "Scooter"]
[Result "0-1"]
[WhiteCountry "POL"]
[BlackCountry "USA"]
[WhiteElo "1432"]
[WhiteRD "65"]
[BlackElo "1778"]
[BlackRD "45"]
[GameID "371611"]

1. e4 c6 2. d4 d5 3. e5 Bf5 4. Bf4 e6 5. Nc3 Bb4 6. Qf3 Bxc2 7. Bd3 Bxd3 8. Qxd3 Ne7 9. Qg3 Nf5 10. Qg4 O-O
11. a3 Bxc3+ 12. bxc3 Qa5 13. Rc1 Nxd4 14. Bh6 Nf5 15. Bxg7 Nxg7 16. Nf3 Qxa3 17. O-O Qe7 18. Ng5 Kh8 19. Rce1 h6 20. Nh3 Rg8
21. Qf4 Kh7 22. c4 Nd7 23. cxd5 cxd5 24. Rd1 Rac8 25. Rd3 Rc4 26. Qd2 Nxe5 27. Rb3 b6 28. Nf4 Qg5 29. g3 Nh5 30. h4 Qxh4
31. Re1 Qg5 32. Ra3 Nxf4 33. Rxa7 Nf3+ 34. Kh1 Qh5#
0-1

[Event "INDIAN OPEN (fast double)#2"]
[Site "SchemingMind.com"]
[Date "2014.12.21"]
[Round "-"]
[White "eun77"]
[Black "klapa"]
[Result "0-1"]
[WhiteCountry "ISR"]
[BlackCountry "POL"]
[WhiteElo "1293"]
[WhiteRD "54"]
[BlackElo "1456"]
[BlackRD "75"]
[GameID "371612"]

1. d4 d5 2. e3 Nc6 3. h3 Nf6 4. Nf3 Be6 5. Be2 Qd6 6. O-O Bd7 7. Nh2 e5 8. dxe5 Qxe5 9. f4 Qf5 10. Bg4 Qe4
11. Bf3 Qe7 12. Bg4 Qc5 13. Bxd7+ Nxd7 14. Kh1 Be7 15. Re1 O-O 16. c3 a5 17. Nd2 Bh4 18. Rf1 Qxe3 19. Ndf3 Qe6 20. Nxh4 b5
21. N4f3 b4 22. cxb4 axb4 23. Re1 Qf6 24. Rb1 d4 25. b3 Rxa2 26. Bb2 Ra5 27. Bxd4 Nxd4 28. Qxd4 Rd8 29. Qxf6 Nxf6 30. Kg1 c5
0-1

[Event "INDIAN OPEN (fast double)#2"]
[Site "SchemingMind.com"]
[Date "2014.12.23"]
[Round "-"]
[White "klapa"]
[Black "eun77"]
[Result "1-0"]
[WhiteCountry "POL"]
[BlackCountry "ISR"]
[WhiteElo "1442"]
[WhiteRD "70"]
[BlackElo "1409"]
[BlackRD "60"]
[GameID "371613"]

1. d4 d5 2. Nc3 c6 3. Be3 e6 4. Qd3 h6 5. Nf3 Nf6 6. Bf4 Be7 7. e3 O-O 8. Be2 Nh7 9. O-O f5 10. a3 Bg5
11. b4 Bxf4 12. exf4 Bd7 13. a4 a6 14. b5 axb5 15. axb5 Rxa1 16. Rxa1 cxb5 17. Nxb5 Bxb5 18. Qxb5 Qd7 19. Ne5 Qxb5 20. Bxb5 Nc6
21. Nxc6 bxc6 22. Bxc6 Rf6 23. Ra6 Nf8 24. c3 Ng6 25. Ra8+ Kf7 26. Be8+ Ke7 27. Bb5
1-0

[Event "INDIAN OPEN (fast double)#2"]
[Site "SchemingMind.com"]
[Date "2014.12.18"]
[Round "-"]
[White "klapa"]
[Black "Chessibelle"]
[Result "1-0"]
[WhiteCountry "POL"]
[BlackCountry "ENG"]
[WhiteElo "1432"]
[WhiteRD "65"]
[BlackElo "1238"]
[BlackRD "57"]
[GameID "371614"]

1. e4 e5 2. Nc3 Nc6 3. Nf3 d6 4. Bb5 Bd7 5. O-O Nf6 6. Qe2 Be7 7. d3 O-O 8. Nd5 Nxd5 9. exd5 Nd4 10. Bxd7 Qxd7
11. Nxd4 exd4 12. a4 c6 13. a5 Qf5 14. a6 b6 15. dxc6 Qc8 16. Ra4 Qxc6 17. Rxd4 Rfe8 18. Qf3 Qc5 19. Rf4 f6 20. d4 Qxc2
21. Qh5 g6 22. Qh6 f5 23. b4 Bf6 24. b5 Re7 25. Qh3 Qc4 26. d5 Qxd5 27. Be3 Rg7 28. Rf3 Rc8 29. Bh6 Rf7 30. Rg3 Rc2
31. Qh5 Bg7 32. Bxg7 Rxg7 33. Qg5 Rc8 34. Rc1 Rgc7 35. Rf1 Qxb5 36. h3 d5 37. h4 Qb2 38. h5 Kf7 39. hxg6+ Kg7 40. gxh7+ Kh8
41. Re1 Rxh7 42. Qxf5 Rg7 43. Qxc8+ Kh7 44. Rh3+ Kg6 45. Qe6+ Qf6 46. Rh6+
1-0

[Event "INDIAN OPEN (fast double)#2"]
[Site "SchemingMind.com"]
[Date "2014.12.19"]
[Round "-"]
[White "Chessibelle"]
[Black "klapa"]
[Result "1-0"]
[WhiteCountry "ENG"]
[BlackCountry "POL"]
[WhiteElo "1212"]
[WhiteRD "55"]
[BlackElo "1451"]
[BlackRD "63"]
[GameID "371615"]

1. Nf3 d6 2. d4 Nf6 3. e3 e6 4. Bd3 Be7 5. Nc3 Ng4 6. g3 d5 7. Bd2 Nc6 8. O-O Bd6 9. e4 Nb4 10. Be2 O-O
11. Ng5 f5 12. f3 Nf6 13. a3 Nc6 14. Bd3 fxe4 15. fxe4 e5 16. Re1 exd4 17. Ne2 dxe4 18. Bc4+ Kh8 19. c3 Ne5 20. Bb3 Nd3
21. Rf1 Nxb2 22. Qb1 e3 23. Be1 dxc3 24. Bxc3 Nd5 25. Qxh7#
1-0

[Event "INDIAN OPEN (fast double)#2"]
[Site "SchemingMind.com"]
[Date "2014.12.18"]
[Round "-"]
[White "klapa"]
[Black "Ramesh Panwar"]
[Result "0-1"]
[WhiteCountry "POL"]
[BlackCountry "IND"]
[WhiteElo "1451"]
[WhiteRD "63"]
[BlackElo "2279"]
[BlackRD "51"]
[GameID "371616"]

1. b3 e5 2. Bb2 Nc6 3. e4 Nf6 4. d3 Bc5 5. c4 d6 6. Be2 Ng4 7. Bxg4 Qh4 8. Nh3 Bxg4 9. O-O Bxd1 10. Rxd1 g5
11. Nc3 g4 12. Nf4 Qxf2+ 13. Kh1 exf4 14. Rf1 Qxb2 15. Rac1 f3 16. Na4 fxg2#
0-1

[Event "INDIAN OPEN (fast double)#2"]
[Site "SchemingMind.com"]
[Date "2014.12.19"]
[Round "-"]
[White "Ramesh Panwar"]
[Black "klapa"]
[Result "1-0"]
[WhiteCountry "IND"]
[BlackCountry "POL"]
[WhiteElo "2279"]
[WhiteRD "51"]
[BlackElo "1451"]
[BlackRD "63"]
[GameID "371617"]

1. d4 d5 2. Nf3 Nf6 3. c4 e6 4. Nc3 dxc4 5. e4 Bb4 6. Bg5 Nc6 7. Bxc4 a5 8. O-O Bd7 9. e5 Qe7 10. Bh4 Bxc3
11. bxc3 O-O 12. exf6 Qd6 13. Bg3 Qa3 14. d5 Nd8 15. Ne5 Qxc3 16. Rc1 Qb2 17. Nxd7 Re8 18. Be5 Qa3 19. fxg7 Re7 20. Nf6+ Kxg7
21. Qg4+ Kh6 22. Ng8#
1-0